000 00297nam a22001337a 4500
008 171011b xxu||||| |||| 00| 0 eng d
020 _a0930350774
041 _aeng
080 _a316
100 _a50
101 _aSOC
245 _aABORTION AND WOMAN'S CHOICE
_cPETCHESKY,R.P
942 _2udc
_cBK
999 _c33099
_d33099